| 000 | 00674nam a22002177a 4500 | ||
|---|---|---|---|
| 003 | OSt | ||
| 005 | 20150929151013.0 | ||
| 008 | 130204t xxu||||| |||| 00| 0 eng d | ||
| 020 | _a9789715065665 | ||
| 050 |
_aPL 6054 _b.Am526 2010 |
||
| 082 |
_aF808.0427 _b.Am526 2010 |
||
| 100 | _aAmpil, Roberto DL. | ||
| 245 |
_aAkademikong Filipino sa komunikasyong global / _cRoberto de Lara Ampil, Elenita Carcer-Mendoza, Ofelia Fortunado-Breva. |
||
| 260 |
_aManila: _bUST Publishing House, _c2010 |
||
| 300 |
_axii, 420 pages ; _c28 cm. |
||
| 500 | _aIncludes bibliographical references. | ||
| 526 | _c1210L-1700L | ||
| 562 | _e1 | ||
| 942 |
_2lcc _cBK _kFIL |
||
| 999 |
_c17721 _d17721 |
||